Sämtliche Tänze /

Bibliographic Details
Main Author: Schubert, Franz, 1797-1828
Other Authors: Mies, Paul, 1889-1976, Theopold, Hans-Martin
Format: Musical Score Book
Published: München : G. Henle, 1983-1984 [Bd. 1]
Edition:Urtext.
Subjects:

MARC

Tag First Indicator Second Indicator Subfields
LEADER 00000ccm a2200000ua 4500
001 in00001419084
005 20151020065819.0
008 841220m19831984gw muz hi n N/A d
028 3 0 |a 74  |b Henle 
028 3 0 |a 76  |b Henle 
035 |a (OCoLC)14026848 
035 |9 AHP7723AM 
040 |a UPM  |c UPM  |d KLM  |d TXA  |d UtOrBLW 
045 2 |a w1w2 
047 |a df  |a mi  |a wz  |a vr 
048 |a ka01 
049 |a TXAM 
090 |a M22.S38  |b M5 1983 
100 1 |a Schubert, Franz,  |d 1797-1828. 
240 1 0 |a Piano music.  |k Selections 
245 1 0 |a Sämtliche Tänze /  |c Franz Schubert ; nach Eigenschriften und Erstausgaben herausgegeben von Paul Mies ; Fingersatz, Hans-Martin Theopold. 
250 |a Urtext. 
264 1 |a München :  |b G. Henle,  |c 1983-1984 [Bd. 1] 
264 4 |c [©1956] 
300 |a 2 volumes of music :  |b illustrations ;  |c 31 cm. 
336 |a notated music  |b ntm  |2 rdacontent 
337 |a unmediated  |b n  |2 rdamedia 
338 |a volume  |b nc  |2 rdacarrier 
500 |a Pref. in German, English, and French 
500 |a Pub. number: 74, 76. 
500 |a Includes thematic catalogs. 
650 0 |a Dance music, German  |x Scores. 
650 0 |a Piano music. 
700 1 |a Mies, Paul,  |d 1889-1976. 
700 1 |a Theopold, Hans-Martin. 
948 |a c:jlg 
999 |a MARS 
999 f f |s b5af25a6-b8c1-3c32-9982-0ffcd4375498  |i 1fca0ed5-17d2-3333-a7ec-2742dce2e520  |t 0 
952 f f |p ric  |a Texas A&M University  |b Rellis Campus  |c Joint Library Facility  |d Remote Storage  |t 0  |e M22.S38 M5 1983  |h Library of Congress classification  |i unmediated -- volume  |k Bd.1  |m A14838040170 
952 f f |p ric  |a Texas A&M University  |b Rellis Campus  |c Joint Library Facility  |d Remote Storage  |t 0  |e M22.S38 M5 1983  |h Library of Congress classification  |i unmediated -- volume  |k Bd.2  |m A14822538717 
998 f f |a M22.S38 M5 1983  |s Bd.1-Bd.2  |t 0  |l Remote Storage